Course on computer concepts (Record no. 9305)

MARC details
000 -LEADER
fixed length control field 00543cam a2200205ua 4500
008 - FIXED-LENGTH DATA ELEMENTS--GENERAL INFORMATION
fixed length control field 180319n ii |||gr||||Z||||||eng
020 ## - INTERNATIONAL STANDARD BOOK NUMBER
International Standard Book Number 9788183332699
040 ## - CATALOGING SOURCE
Transcribing agency MAIN
082 ## - DEWEY DECIMAL CLASSIFICATION NUMBER
Classification number 004
100 ## - MAIN ENTRY--PERSONAL NAME
Personal name Jain, Satish,
Relator term
245 ## - TITLE STATEMENT
Title Course on computer concepts
Statement of responsibility, etc. By Satish Jain
250 ## - EDITION STATEMENT
Edition statement 5th rev. ed.
260 ## - PUBLICATION, DISTRIBUTION, ETC.
Place of publication, distribution, etc. New Delhi:
Name of publisher, distributor, etc. BPB publications,
Date of publication, distribution, etc. 2017.
300 ## - PHYSICAL DESCRIPTION
Extent 264p.
700 ## - ADDED ENTRY--PERSONAL NAME
Personal name Jain, Shalini,
Relator term
700 ## - ADDED ENTRY--PERSONAL NAME
Personal name Geetha, M.,
Relator term
942 ## - ADDED ENTRY ELEMENTS (KOHA)
Koha item type Books
653 ## - INDEX TERM--UNCONTROLLED
Uncontrolled term Data processing & computer science
Holdings
Withdrawn status Lost status Damaged status Not for loan Home library Current library Shelving location Date acquired Total Checkouts Full call number Barcode Date last seen Date last checked out Copy number Price effective from Koha item type
        Central Library, Naharkatiya College Central Library, Naharkatiya College General Stacks 19/09/2020 4 004 | JAI 24722 19/09/2023 07/09/2023 1 19/09/2020 Books
        Central Library, Naharkatiya College Central Library, Naharkatiya College General Stacks 19/09/2020 2 004 | JAI 24723 22/09/2022 07/09/2022 2 19/09/2020 Books

Naharkatiya College © 2020. All rights reserved.

Powered By